Marketing y publicidad industrial / (Record no. 144965)

MARC details
000 -LEADER
campo de control de longitud fija 00649nam a2200205 4500
001 - NÚMERO DE CONTROL
campo de control 144965
003 - IDENTIFICADOR DE NÚMERO DE CONTROL
campo de control ES-MaACL
005 - FECHA Y HORA DE LA ÚLTIMA TRANSACCIÓN
campo de control 20230906201133.0
007 - CAMPO FIJO DE DESCRIPCIÓN FÍSICA--INFORMACIÓN GENERAL
campo de control de longitud fija t|
008 - DATOS DE LONGITUD FIJA--INFORMACIÓN GENERAL
campo de control de longitud fija 070214s1965 sp r ||||1| spa d
100 1# - ENTRADA PRINCIPAL--NOMBRE DE PERSONA
Nombre de persona Smith, Paul Ignatius Slee.
9 (RLIN) 106911
245 10 - MENCIÓN DEL TÍTULO
Título Marketing y publicidad industrial /
Mención de responsabilidad, etc. por P. I. Slee ; traducido por José Ignacio Zarza Stuyck.
260 ## - PUBLICACIÓN, DISTRIBUCIÓN, ETC.
Lugar de publicación, distribución, etc. Bilbao :
Nombre del editor, distribuidor, etc. Deusto,
Fecha de publicación, distribución, etc. 1965 (
Fabricante Artes Gráficas Grijelmo)
300 ## - DESCRIPCIÓN FÍSICA
Extensión 256 p. ;
Dimensiones 22 cm.
490 1# - MENCIÓN DE SERIE
Mención de serie Gestión
700 1# - ENTRADA AGREGADA--NOMBRE PERSONAL
Nombre de persona Zarza Stuyck, José Ignacio.
9 (RLIN) 118090
830 0# - PUNTO DE ACCESO ADICIONAL DE SERIE-TÍTULO UNIFORME
Título uniforme Gestión
9 (RLIN) 184639
852 ## - LOCALIZACIÓN
Ubicación ES-MaACL
Número de control de estantería C-28483
Sublocalización o colección R.57662
Holdings
Estatus retirado Estado de pérdida Estado de daño No para préstamo Biblioteca de origen Biblioteca actual Ubicación en estantería Fecha de adquisición Fuente de adquisición Total de préstamos Signatura topográfica completa Código de barras Visto por última vez Precio de reemplazo Tipo de ítem Koha
        Biblioteca del Ateneo de Madrid Biblioteca del Ateneo de Madrid Depósito 2 17/01/2008     C-28483 1151278 23/02/2023 23/02/2023 Libro impreso